000 nam a22 7a 4500
999 _c8507
_d8507
008 180117b ||||| |||| 00| 0 eng d
100 _aRoy.G.etal.
_9905
245 _aArt Skills
260 _aNew Delhi
_bArya
_c2009